100 Animateurs(trices) télé francophones (en Images) - Statistiques

Statistiques générales
  • Ce quiz a été pris 272 fois
    248 depuis la dernière actualisation
  • Le résultat moyen est 57 sur 100
Statistiques - réponses
Par images Réponse % Correct
Jean-Luc Reichmann
96%
Cristina Cordula
92%
Eric Antoine
91%
Benjamin Castaldi
90%
Camille Combal
90%
Laurence Boccolini
90%
Nagui
90%
Nikos Aliagas
90%
Sebastien Cauet
90%
Olivier Minne
89%
Claire Chazal
88%
Cyril Hanouna
88%
Stephane Bern
88%
Arthur
87%
Jean-Pierre Foucault
87%
Michel Drucker
87%
Valerie Damidot
86%
Karine Lemarchand
84%
Denis Brogniart
83%
Jean-Pierre Pernault
83%
Stephane Plaza
83%
Cyril Feraud
82%
Anne-Sophie Lapix
80%
David Pujadas
80%
Karine Ferri
80%
Laurent Ruquier
80%
Thierry Ardisson
80%
Christophe Beaugrand
78%
Julien Lepers
78%
Samuel Etienne
78%
Christophe Dechavanne
75%
Léa Salamé
74%
Harry Roselmack
72%
Yann Barthes
72%
Michel Cymes
69%
Vincent Lagaf
69%
Bruno Guillon
68%
Anne-Claire Coudray
67%
Tex
67%
Faustine Bollaert
66%
Elise Lucet
65%
Sophie Davant
65%
Alessandra Sublet
64%
Stephane Rotenberg
63%
Christine Bravo
61%
Jacques Legros
61%
Laurent Delahousse
61%
Sandrine Quetier
61%
Bruce Toussaint
59%
Estelle Denis
59%
Thierry Beccaro
59%
Evelyne Thomas
56%
Michel Denisot
56%
Frederic Lopez
54%
Jean-Luc Delarue
53%
Mac Lesggy
51%
Laurent Romejko
49%
Marie-Ange Nardi
49%
Mouloud Achour
49%
Alex Goude
48%
Hervé Mathoux
48%
Daphné Burki
47%
Carole Rousseau
44%
Laurent Luyat
44%
Anne-Elisabeth Lemoine
43%
Audrey Pulvar
43%
Cecile de Menibus
43%
Laurent Fontaine
43%
Gregoire Margotton
42%
Sebastien Folin
42%
Pascal Bataille
41%
Elsa Fayer
40%
Bernard de la Villardiere
38%
Thomas Sotto
38%
Audrey Crespo-Mara
37%
Flavie Flament
37%
Julien Arnaud
37%
Julia Vignali
35%
Vincent Cerruti
35%
Isabelle Ithurburu
34%
Appoline de Malherbe
33%
Julian Bugier
33%
Darius Rochebin
32%
Patrice Carmouze
32%
Ruth Elkrief
32%
Pierre Lescure
31%
Sidonie Bonnec
31%
Marina Carrère d'Encausse
29%
Helene Mannarino
27%
Maitena Biraben
27%
Carine Galli
26%
Sonia Mabrouk
26%
Anais Grangerac
24%
Agathe Lecaron
22%
Carole Gaessler
22%
Eglantine Emeye
19%
Leïla Kaddour
19%
Aurelie Casse
12%
Carine Teyssandier
11%
Laurie Cholewa
11%
Aucun quiz correspondant
Distribution des résultats
% des personnes avec chaque résultat
Percentile par nombre de réponses
Votre historique - résultats
Vous n’avez pas pris ce quiz depuis la dernière actualisation